[Event "5th Open"]
[Site "Voronezh RUS"]
[Date "2001.06.13"]
[Round "2"]
[White "Rodin,D"]
[Black "Pavlov,Al"]
[Result "1-0"]
[WhiteElo "2413"]
[BlackElo "2319"]

1.e4 c5 2.Nf3 d6 3.d4 cxd4 4.Nxd4 Nf6 5.Nc3 a6 6.g3 e5 7.Nb3 Be7 8.Bg2 O-O
9.O-O Bg4 10.Qd3 Nc6 11.Bg5 Rc8 12.Bxf6 Bxf6 13.Nd5 Bg5 14.c3 g6 15.Nd2 Ne7
16.h4 Nxd5 17.hxg5 Nc7 18.Nc4 Ne8 19.f4 Be6 20.Ne3 Qb6 21.Rf2 f6 22.f5 gxf5
23.exf5 Bf7 24.g6 hxg6 25.fxg6 Be6 26.Bd5 Ng7 27.Bxe6+ Nxe6 28.Nd5 Qd8 29.Qf5 Ng5
30.Raf1  1-0

[Event "zt 2.4"]
[Site "Sao Paulo BRA"]
[Date "2001.06.15"]
[Round "8"]
[White "Lima,Da"]
[Black "Leitao,R"]
[Result "1-0"]
[WhiteElo "2550"]
[BlackElo "2587"]

1.e4 c5 2.Nf3 d6 3.d4 cxd4 4.Nxd4 Nf6 5.Nc3 a6 6.g3 e5 7.Nde2 Be7 8.Bg2 Nbd7
9.h3 b5 10.O-O Bb7 11.g4 O-O 12.Ng3 b4 13.Nd5 Nxd5 14.exd5 Re8 15.a3 a5 16.Be3 Qc7
17.Qd2 Ba6 18.Rfc1 Reb8 19.b3 Nc5 20.axb4 Rxb4 21.Qe1 Rab8 22.Bd2 Bd8 23.Bxb4 Rxb4
24.Ne4 Nxe4 25.Bxe4 Qc5 26.Ra4 Rxa4 27.bxa4 g6 28.Rb1 Bg5 29.Bd3 Bxd3 30.cxd3 Qxd5
31.Qe4 Qa2 32.Rb8+ Kg7 33.Qc4 Qxc4 34.dxc4 Bd2 35.Kf1 Kf6 36.Ke2 Bc3 37.Kd3 Be1
38.Rb1  1-0

[Event "TCh-Europe Boys U18"]
[Site "Balatonlelle HUN"]
[Date "2001.06.23"]
[Round "2"]
[White "Navara,D"]
[Black "Szabo,G ROM"]
[Result "0-1"]
[WhiteElo "2479"]
[BlackElo "2398"]

1.e4 c5 2.Nf3 d6 3.d4 cxd4 4.Nxd4 Nf6 5.Nc3 a6 6.g3 e6 7.Bg2 Be7 8.a4 Qc7
9.a5 Nc6 10.Nb3 Ne5 11.O-O O-O 12.Kh1 Rb8 13.f4 Nc4 14.g4 Re8 15.g5 Nd7 16.f5 Bf8
17.Qh5 g6 18.Qh3 Bg7 19.f6 Bf8 20.Rf4 b5 21.Rh4 h5 22.Bf3 Nde5 23.Bd1 Bb7
24.Bf4 b4 25.Bxe5 Nxe5 26.Na4 d5 27.Bxh5 gxh5 28.g6 Nxg6 29.Nac5 Bxc5 30.Rxh5 dxe4
31.Nxc5 e3+ 32.Kg1 e2 33.Nd3 Qxc2 34.Re1 Qd2 35.Kf2 Rbd8 36.Rh7 Qxd3 37.Rg7+ Kf8
38.Qh6  0-1

[Event "Open"]
[Site "Batumi GEO"]
[Date "2001.07.02"]
[Round "6"]
[White "Gadjily,R"]
[Black "Shengelia,D"]
[Result "0-1"]
[WhiteElo "2425"]
[BlackElo "2385"]

1.e4 c5 2.Nf3 d6 3.d4 cxd4 4.Nxd4 Nf6 5.Nc3 a6 6.g3 e5 7.Nb3 h6 8.Bg2 Be7
9.O-O O-O 10.a4 Be6 11.Nd5 Nxd5 12.exd5 Bf5 13.Nd2 Nd7 14.Nc4 b5 15.Ne3 Bg6
16.b4 bxa4 17.Rxa4 a5 18.c3 Qc7 19.Bb2 f5 20.Re1 Bg5 21.Qa1 f4 22.Nf1 Bd8
23.Qa2 Bc2 24.Ra3 Qb6 25.gxf4 Rxf4 26.Ne3 Bh4 27.Kh1 Rxf2 28.Nxc2 Rxc2 29.Rf1 Rf8
30.Qb1 Rxf1+ 31.Qxf1 Rxb2 32.Rxa5 Rf2 33.Qd3 Rf8 34.Qh3 Qd8 35.Qe6+ Kh8 36.Qxd6 Rf6  0-1

[Event "Geller Mem"]
[Site "Odessa UKR"]
[Date "2001.07.04"]
[Round "2"]
[White "Zakharchenko,A"]
[Black "Tishin,D"]
[Result "1/2-1/2"]
[WhiteElo "2399"]
[BlackElo "2362"]

1.Nf3 c5 2.e4 d6 3.d4 cxd4 4.Nxd4 Nf6 5.Nc3 a6 6.g3 e5 7.Nb3 Be6 8.Bg2 Be7
9.O-O Nbd7 10.h3 b5 11.Re1 Qc7 12.a4 b4 13.Nd5 Nxd5 14.exd5 Bf5 15.c3 bxc3
16.bxc3 Qxc3 17.Bd2 Qc2 18.Na5 Qxd1 19.Rexd1 Bd8 20.Nc6 Bb6 21.Ra2 Bg6 22.a5 Bc5
23.Rb2 O-O 24.Rb7 Nf6 25.Bb4 Bxb4 26.Rxb4 Nd7 27.Bf1 Rfe8  1/2-1/2

[Event "6th Leg Russian Cup"]
[Site "Tomsk RUS"]
[Date "2001.07.04"]
[Round "5"]
[White "Salinnikov,D"]
[Black "Purtov,A"]
[Result "0-1"]
[WhiteElo "2343"]
[BlackElo "2433"]

1.e4 c5 2.Nf3 d6 3.d4 cxd4 4.Nxd4 Nf6 5.Nc3 a6 6.g3 e5 7.Nde2 b5 8.a4 Qa5
9.b4 Qxb4 10.axb5 Bb7 11.Ra4 Qc5 12.Be3 Qc8 13.b6 Nbd7 14.Bg2 Be7 15.O-O O-O
16.Nd5 Bxd5 17.exd5 Qb7 18.c4 Ng4 19.Bd2 f5 20.Ba5 Nc5 21.Rb4 g6 22.h3 Nf6
23.f4 Nfe4 24.Nc1 Nxg3 25.fxe5 Nxf1 26.Qxf1 Bg5 27.exd6 Qd7 28.Kh1 Rae8 29.Rb1 Ne4
30.Ne2 Be3 31.Bb4 Bxb6 32.Bf3 Bc5 33.Bxc5 Nxc5 34.Rb6 Ne4 35.Rxa6 Nd2 36.Qa1 Rf7
37.Nd4 Nxc4 38.Ne6 Nxd6 39.Qa3 Ne4 40.Kg2 Qxd5  0-1

[Event "Glorney Cup"]
[Site "Hyerois FRA"]
[Date "2001.07.09"]
[Round "3"]
[White "D'Costa,L"]
[Black "Bissieres,M"]
[Result "1/2-1/2"]
[WhiteElo "2155"]
[BlackElo "2142"]

1.e4 c5 2.Nf3 d6 3.d4 cxd4 4.Nxd4 Nf6 5.Nc3 a6 6.g3 e5 7.Nde2 Be7 8.a4 Be6
9.Bg2 O-O 10.h3 Qc7 11.g4 Rd8 12.O-O h6 13.Nd5 Bxd5 14.exd5 Nbd7 15.a5 b6
16.axb6 Nxb6 17.Ng3 Rdc8 18.Nf5 Bf8 19.c3 a5 20.h4 Qd7 21.Ne3 g6 22.Qe2 a4
23.f4 exf4 24.Rxf4 Bg7 25.Rb4 Qa7 26.Qf2 Rc5 27.Rd4 Qc7 28.Rf4 Nh7 29.Bd2 a3
30.Rxa3 Rxa3 31.bxa3 Bxc3 32.h5 Bxd2 33.Qxd2 g5 34.Rb4 Nc4 35.Nxc4 Rxc4 36.Rxc4 Qxc4
37.Qb4 Qe2 38.Qxd6 Qd1+ 39.Kf2 Qxg4 40.Qe5 Qxh5 41.d6 Nf8 42.Qd4 Qg6 43.Be4 Qe6
44.a4 Nd7 45.Bd3 Ne5 46.Be2 Qf5+ 47.Kg2 Nd7 48.Bb5 Qc2+ 49.Kg3 Qb3+ 50.Qd3 Qxd3+
51.Bxd3 Kf8 52.Bb5 Nc5 53.Kg4 Nb7 54.d7 Ke7 55.Kh5 Na5 56.Kxh6 g4 57.Kg5 g3
58.Bf1  1/2-1/2

[Event "ch-SWE"]
[Site "Linkoping SWE"]
[Date "2001.07.11"]
[Round "11"]
[White "Olsson,An"]
[Black "Hillarp Persson,T"]
[Result "1/2-1/2"]
[WhiteElo "2265"]
[BlackElo "2443"]

1.e4 c5 2.Nf3 d6 3.d4 cxd4 4.Nxd4 Nf6 5.Nc3 a6 6.g3 e5 7.Nde2 b5 8.Bg2 Nbd7
9.O-O Be7 10.Bg5 O-O 11.Qd2 b4 12.Bxf6 Nxf6 13.Nd5 Nxd5 14.Qxd5 Be6 15.Qd2 Qb6
16.b3 Rac8 17.h4 Rc7 18.Rac1 Rfc8 19.c4 bxc3 20.Rxc3 Rxc3 21.Nxc3 Qb4 22.Rc1 Bd8
23.Qb2 Qd4 24.Nd1 Qxb2 25.Rxc8 Qxf2+ 26.Kxf2 Bxc8 27.Nc3 g6 28.Bf1 f5 29.Nd5 a5
30.a3 fxe4 31.Ke3 Bf5 32.b4 axb4 33.axb4 g5 34.h5 g4 35.b5 Bg5+ 36.Kf2 Kf8
37.b6 Bc8 38.Bg2 Bb7 39.Bxe4 Bd8 40.Ke3 h6 41.Kd3 Kf7 42.Kc4 Bc6 43.Bf5  1/2-1/2

[Event "Geller Mem"]
[Site "Odessa UKR"]
[Date "2001.07.13"]
[Round "11"]
[White "Tishin,D"]
[Black "Petrenko,S"]
[Result "1-0"]
[WhiteElo "2362"]
[BlackElo "2357"]

1.e4 c5 2.Nf3 d6 3.d4 cxd4 4.Nxd4 a6 5.Nc3 Nf6 6.g3 g6 7.Bg2 Bg7 8.O-O O-O
9.h3 Qc7 10.Nd5 Nxd5 11.exd5 e5 12.dxe6 fxe6 13.c3 Nc6 14.Ne2 Ne5 15.Nd4 Kh8
16.Re1 Qf7 17.f4 Nc4 18.Nf3 d5 19.Qe2 h6 20.Be3 Nxe3 21.Qxe3 Bd7 22.h4 Rae8
23.Bh3 Bc8 24.Ne5 Bxe5 25.Qxe5+ Qf6 26.Rad1 Kg7 27.Qc7+ Rf7 28.Qc5 g5 29.hxg5 hxg5
30.Rf1 g4 31.Bg2 Qe7 32.Qd4+ Qf6 33.Qd2 Rh8 34.Rde1 Rh5 35.Re3 Rf8 36.Qd1 Qg6
37.Rfe1 b5 38.Qd4+ Qf6 39.Re5 Rfh8 40.Qb6 Qf7 41.Qd6 Qf8 42.Qb6 Qf7 43.Qd4 Qf6
44.a4 bxa4 45.Qxa4 Qf7 46.Qd4 Qf6 47.b3 R8h6 48.c4 dxc4 49.bxc4 Rh8 50.Qb6 Qf7
51.c5 Qd7 52.Qb2 Rxe5 53.Qxe5+ Kg8 54.c6 Qa7+ 55.Qe3 Qxe3+ 56.Rxe3 Rh7 57.Re5 Kf8
58.Kf2 Rg7 59.Ke3 Ke7 60.Kd4 Kd6 61.Rh5 Rf7 62.Be4 Rf8 63.Rg5 Kc7 64.Kc5  1-0

[Event "2nd IM"]
[Site "Saint Lo FRA"]
[Date "2001.07.13"]
[Round "7"]
[White "Nepeina Leconte,M"]
[Black "Navrotescu,C"]
[Result "0-1"]
[WhiteElo "2283"]
[BlackElo "2478"]

1.e4 c5 2.Nf3 d6 3.d4 cxd4 4.Nxd4 Nf6 5.Nc3 a6 6.g3 e5 7.Nb3 Be7 8.Bg2 b5
9.O-O Bb7 10.Bd2 O-O 11.Nd5 Bxd5 12.Ba5 Qc8 13.exd5 Nbd7 14.Re1 Re8 15.Rc1 Bd8
16.Bb4 a5 17.Bxd6 Qa6 18.Bxe5 Rxe5 19.Rxe5 Nxe5 20.Qe2 Nc4 21.Nc5 Qa7 22.d6 Rb8
23.Nb7 Rxb7 24.Bxb7 Qxb7 25.Ra1 Qd7 26.b3 Nxd6 27.c4 bxc4 28.bxc4 Qc6 29.Qe5 Bc7
30.c5 Nde4 31.Qf5 g6 32.Qc8+ Kg7  0-1

[Event "ch-SUI"]
[Site "Scuol SUI"]
[Date "2001.07.13"]
[Round "2"]
[White "Gerber,R"]
[Black "Frick,R"]
[Result "1-0"]
[WhiteElo "2417"]
[BlackElo "2177"]

1.e4 c5 2.Nf3 d6 3.d4 cxd4 4.Nxd4 Nf6 5.Nc3 a6 6.g3 e6 7.Bg2 Be7 8.O-O O-O
9.Be3 Qc7 10.h3 Bd7 11.a4 Nc6 12.Nxc6 Bxc6 13.a5 Nd7 14.Na4 Bb5 15.Re1 Rfc8
16.c3 Qc6 17.f4 Bd8 18.b4 b6 19.axb6 Nxb6 20.e5 d5 21.Nc5 Nc4 22.Bd4 Bb6
23.Qh5 Nd2 24.f5 Bxc5 25.bxc5 Qe8 26.f6 Qf8 27.Qd1 Nc4 28.Rf1 Nb2 29.Qb3 Nd3
30.Qa3 g6 31.Rfb1 Nxc5 32.Qc1 Bc4 33.Qa3 Bb5 34.h4 h5 35.Qc1 Bc4 36.g4 hxg4
37.h5 Nb3 38.Qg5 Kh7 39.hxg6+ fxg6 40.Kf2 g3+ 41.Kxg3  1-0

[Event "ch-SUI Women"]
[Site "Scuol SUI"]
[Date "2001.07.15"]
[Round "4"]
[White "Roschina,T"]
[Black "Gruenenwald,E"]
[Result "1-0"]
[WhiteElo "2322"]
[BlackElo "2037"]

1.e4 c5 2.Nf3 d6 3.d4 cxd4 4.Nxd4 Nf6 5.Nc3 a6 6.g3 e5 7.Nde2 b5 8.Bg2 Bb7
9.h3 h5 10.Bg5 Nbd7 11.Nd5 Bxd5 12.exd5 Be7 13.O-O Nb6 14.f4 Nc4 15.fxe5 Nxe5
16.Nd4 Nfd7 17.Bxe7 Qxe7 18.Nf5 Qf8 19.Qd2 g6 20.Nd4 Qh6 21.Qxh6 Rxh6 22.a4 b4
23.a5 Nc5 24.Rf6 Ke7 25.Raf1 Rh7 26.R6f4 Rb8 27.Nc6+ Nxc6 28.dxc6 Ne6 29.Rc4 Nc7
30.Rff4 b3 31.Rfe4+ Kf6 32.Red4 Ke7 33.Rc3 bxc2 34.Rxc2 Rhh8 35.Rcd2 Rhd8
36.Re2+ Kf8 37.Red2 Ke7 38.b4 Rb5 39.Bf1 Rg5 40.Kh2 Re5 41.Bc4 d5 42.Bxa6 Nxa6
43.b5 Kd6 44.bxa6 Ra8 45.Rc2 Kc7 46.Rb4 Rxa6 47.Rb7+ Kc8 48.Rxf7 Rxa5 49.c7 Re8
50.Rb2 Ra8 51.h4 d4 52.Kg2 d3 53.Kf2  1-0

[Event "Heart of Finland Open"]
[Site "Jyvaskyla FIN"]
[Date "2001.07.18"]
[Round "2"]
[White "Hintikka,E"]
[Black "Tella,J"]
[Result "0-1"]
[WhiteElo "2125"]
[BlackElo "2425"]

1.e4 c5 2.Nf3 d6 3.d4 cxd4 4.Nxd4 Nf6 5.Nc3 a6 6.g3 e6 7.Bg2 Be7 8.O-O Qc7
9.Re1 O-O 10.Nde2 Nc6 11.b3 b5 12.Bb2 Bb7 13.Nf4 Rfd8 14.Re2 Rac8 15.Rd2 Ne5
16.Nd3 Qa5 17.a3 Ng6 18.Nb4 Qb6 19.Qe2 Nd7 20.Rad1 Nde5 21.Rb1 Bg5 22.Rdd1 Bf6
23.Qd2 h6 24.Ne2 a5 25.Nd3 d5 26.Bd4 Qc7 27.f4 Nxd3 28.Bxf6 gxf6 29.cxd3 dxe4
30.f5 Qc5+ 31.d4 Qxf5 32.Qxa5 Kg7 33.h4 Rd7 34.Rf1 Qg4 35.Qxb5 Rc2 36.Rbe1 Bc6
37.Qa6 f5 38.Kh2 Bb7 39.Qb5 Rd5 40.Qxb7 Rxe2 41.Rxe2 Qxe2 42.Qb4 Qd3 43.h5 Nf8
44.g4 fxg4 45.Qe7 Rxh5+  0-1

[Event "Wilbert Paige Mem"]
[Site "New York USA"]
[Date "2001.07.21"]
[Round "7"]
[White "Morrison,W"]
[Black "Simutowe,A"]
[Result "1/2-1/2"]
[WhiteElo "2381"]
[BlackElo "2462"]

1.e4 c5 2.Nf3 d6 3.d4 cxd4 4.Nxd4 Nf6 5.Nc3 a6 6.g3 e6 7.Bg2 Qc7 8.O-O Be7
9.a4 Nc6 10.Nb3 b6 11.f4 Rb8 12.Be3 Na5 13.Nd2 O-O 14.g4 Re8 15.g5 Nd7 16.Qg4 Bf8
17.Rf3 g6 18.Qh4 Bg7 19.Bf2 f5 20.Rh3 Nf8 21.Qg3 Nc6 22.Qd3  1/2-1/2

[Event "Politiken Cup"]
[Site "Copenhagen DEN"]
[Date "2001.07.22"]
[Round "8"]
[White "Kongsted,C"]
[Black "Hansen,He"]
[Result "1-0"]
[WhiteElo "2232"]
[BlackElo "2044"]

1.e4 c5 2.Nf3 d6 3.d4 cxd4 4.Nxd4 Nf6 5.Nc3 a6 6.g3 Nc6 7.Bg2 Bd7 8.O-O g6
9.h3 Bg7 10.Nde2 O-O 11.Nd5 b5 12.Bg5 Ne8 13.c3 h6 14.Be3 Rb8 15.Nd4 Ne5
16.b3 e6 17.Nf4 Kh7 18.Qd2 Rc8 19.Nfe2 Nc6 20.Rfd1 Qc7 21.Rac1 Qb8 22.Nxc6 Bxc6
23.c4 bxc4 24.Rxc4 Bb7 25.Rb4 Qa8 26.Bd4 Bxd4 27.Qxd4 a5 28.Ra4 Bc6 29.Ra3 Rb8
30.Qd2 Bxe4 31.Rxa5 Qb7 32.Bxe4 Qxe4 33.Ra4 Qe5 34.Nd4 Rc8 35.Nf3 Qb5 36.Rh4 h5
37.Ng5+ Kg7 38.Ne4 d5 39.Ng5 Nf6 40.Qd4 e5 41.Qxe5 Rc6 42.Rf4 Re8 43.Qd4 Qb6
44.Nf3 Re2 45.Ra1 Qa6 46.Ne5 Rxa2 47.Nxc6 Rxa1+ 48.Kh2  1-0

[Event "Czech Open"]
[Site "Pardubice CZE"]
[Date "2001.07.22"]
[Round "3"]
[White "Hagara,E"]
[Black "Groszpeter,A"]
[Result "0-1"]
[WhiteElo "2346"]
[BlackElo "2495"]

1.e4 c5 2.Nf3 d6 3.d4 cxd4 4.Nxd4 Nf6 5.Nc3 a6 6.g3 e5 7.Nf3 b5 8.Bg2 Bb7
9.Bg5 Nbd7 10.O-O Be7 11.Bxf6 Nxf6 12.Re1 O-O 13.Re2 Rc8 14.Qd2 Rc4 15.Qe1 b4
16.Nd5 Nxd5 17.exd5 Qc7 18.Rc1 f5 19.Nd2 Rxc2 20.Rxc2 Qxc2 21.Nb3 Qc4 22.Na5 Qb5
23.Nxb7 Qxb7 24.Rc2 b3 25.axb3 Qxb3 26.Qc1 Bg5 27.Rc3 Bxc1 28.Rxb3 a5 29.Rb6 Rf6
30.Kf1 Bd2 31.Bh3 h5 32.Ke2 Bb4 33.Bg2 Rf8 34.Bf3 g6 35.Rc6 Rb8  0-1

[Event "Tan Lian Ann cup"]
[Site "Tianjin CHN"]
[Date "2001.07.23"]
[Round "9"]
[White "Wu Kaiyu"]
[Black "Ding Linlin"]
[Result "1/2-1/2"]
[WhiteElo "2284"]
[BlackElo "2347"]

1.e4 c5 2.Nf3 d6 3.d4 cxd4 4.Nxd4 Nf6 5.Nc3 a6 6.g3 e5 7.Nb3 b5 8.Bg2 Bb7
9.O-O Be7 10.f4 O-O 11.fxe5 Qb6+ 12.Qd4 Qxd4+ 13.Nxd4 dxe5 14.Nf5 Bc5+ 15.Kh1 Nc6
16.Bg5 Ng4 17.Bf3 h6 18.Bd2 Nf6 19.Bg2 Rfd8 20.Be3 Bxe3 21.Nxe3 Rd2 22.Ncd5 Nxd5
23.exd5 Nb4 24.Rad1 Re2 25.Nf5 Rd8 26.a3 Nxc2 27.Bf3 Re3 28.Rc1 Rxf3 29.Rxf3 Nd4
30.Nxd4 Bxd5 31.Kg1 exd4 32.Rd3 Bc4 33.Rd2  1/2-1/2

[Event "Czech Open"]
[Site "Pardubice CZE"]
[Date "2001.07.26"]
[Round "7"]
[White "Navara,D"]
[Black "Womacka,M"]
[Result "0-1"]
[WhiteElo "2491"]
[BlackElo "2469"]

1.e4 c5 2.Nf3 d6 3.d4 cxd4 4.Nxd4 Nf6 5.Nc3 a6 6.g3 e5 7.Nde2 Nbd7 8.a4 b6
9.Bg2 Bb7 10.h3 Rc8 11.O-O Be7 12.g4 Nc5 13.Ng3 O-O 14.Be3 g6 15.Qd2 Ne6
16.Rac1 Nd7 17.Nd5 Bxd5 18.Qxd5 Ndc5 19.b3 Bg5 20.Bxg5 Qxg5 21.Qxd6 Nxb3
22.Rcd1 Rxc2 23.Rd5 Nd2 24.Rxe5 Qh4 25.Rd1 Nc4 26.Qd3 Rxf2 27.Kxf2 Nxe5 28.Qxa6 Nf4
29.Qb5 Qf6 30.Rf1 Nxh3+ 31.Ke1 Nf4  0-1

[Event "MTO"]
[Site "Biel SUI"]
[Date "2001.07.30"]
[Round "7"]
[White "Roschina,T"]
[Black "Adly,A"]
[Result "1-0"]
[WhiteElo "2322"]
[BlackElo "2218"]

1.e4 c5 2.Nf3 d6 3.d4 cxd4 4.Nxd4 Nf6 5.Nc3 a6 6.g3 Bg4 7.Qd3 Nbd7 8.h3 Ne5
9.Qe3 Qb6 10.hxg4 Qxd4 11.Qxd4 Nf3+ 12.Kd1 Nxd4 13.Be3 Ne6 14.Be2 g6 15.g5 Nd7
16.Nd5 Bg7 17.c3 Rc8 18.Kd2 Nec5 19.Rh4 e6 20.Nb4 Na4 21.Nd3 Rxc3 22.e5 Rxd3+
23.Bxd3 Nxb2 24.Rb1 Nxd3 25.Kxd3 Nxe5+ 26.Ke2 b5 27.Bd4 O-O 28.Rbh1 f6 29.gxf6 Bxf6
30.Rxh7 b4 31.f4 Nc4 32.Bxf6 Rxf6 33.Rh8+  1-0

[Event "Magistral BCX"]
[Site "Brasilia BRA"]
[Date "2001.08.07"]
[Round "3"]
[White "Teixeira,R"]
[Black "Coelho,L"]
[Result "1-0"]
[WhiteElo "2349"]
[BlackElo "2223"]

1.e4 c5 2.Nf3 d6 3.d4 cxd4 4.Nxd4 Nf6 5.Nc3 a6 6.g3 e6 7.Bg2 Be7 8.O-O Bd7
9.a4 Nc6 10.Nxc6 Bxc6 11.a5 O-O 12.Be3 Nd7 13.Na4 Qc7 14.Nb6 Nxb6 15.Bxb6 Qd7
16.c4 Bd8 17.Qd4 f5 18.Rad1 Bxb6 19.axb6 Rad8 20.c5 d5 21.exd5 exd5 22.f4 Rfe8
23.Rfe1 Rxe1+ 24.Rxe1 Qf7 25.Re5 h6 26.Bf1 g6 27.Bd3 Re8 28.h4 Rxe5 29.Qxe5 Qe8
30.Qxe8+ Bxe8 31.Bxa6 Bc6 32.Bd3 Kf7 33.b4 d4 34.b5 Bd5 35.h5  1-0

[Event "FSGM August"]
[Site "Budapest HUN"]
[Date "2001.08.12"]
[Round "9"]
[White "Bhat,V"]
[Black "Szeberenyi,A"]
[Result "1-0"]
[WhiteElo "2404"]
[BlackElo "2417"]

1.e4 c5 2.Nf3 d6 3.d4 cxd4 4.Nxd4 Nf6 5.Nc3 a6 6.g3 e5 7.Nde2 b5 8.Bg2 Nbd7
9.h3 Bb7 10.g4 d5 11.exd5 b4 12.Na4 Nb6 13.Nxb6 Qxb6 14.c4 bxc3 15.Nxc3 Bb4
16.Qa4+ Qb5 17.Qxb5+ axb5 18.Bd2 Bxd5 19.Nxd5 Bxd2+ 20.Kxd2 Nxd5 21.Bxd5 Rd8
22.Kc3 Rxd5 23.Rhd1 Rc5+ 24.Kb4 Rc2 25.Rac1 Rxc1 26.Rxc1 Kd7 27.Rc5 Kd6 28.Rxb5 Rc8
29.Kb3 Rc1 30.a4 Rh1 31.a5 Rxh3+ 32.Kb4 Rh1 33.Rb7 g6 34.Rxf7 h5 35.gxh5 gxh5
36.Kb5 h4 37.a6 h3 38.a7 Ra1 39.Rf6+ Kc7 40.Ra6 Rxa6 41.Kxa6  1-0

[Event "EYCC B18"]
[Site "Halkidiki GRE"]
[Date "2001.09.03"]
[Round "4"]
[White "Palekha,A"]
[Black "Sprenger,W"]
[Result "1-0"]
[WhiteElo "2355"]
[BlackElo "2233"]

1.e4 c5 2.Nf3 d6 3.d4 cxd4 4.Nxd4 Nf6 5.Nc3 a6 6.g3 g6 7.Bg2 Bg7 8.O-O O-O
9.h3 Nbd7 10.Nd5 Ne5 11.b3 Nxd5 12.exd5 b5 13.Bb2 Bb7 14.Kh1 Rc8 15.Re1 Rc5
16.Qe2 Re8 17.Rad1 Qa8 18.f4 Nd7 19.Ba3 Rcc8 20.Nc6 Bf8 21.c4 e5 22.Qd2 bxc4
23.bxc4 exf4 24.gxf4 Nb6 25.Qd4 Na4 26.c5 Rxe1+ 27.Rxe1 Rxc6 28.Qxa4  1-0

[Event "ch-Africa"]
[Site "Cairo EGY"]
[Date "2001.09.19"]
[Round "4"]
[White "Bouaziz,S"]
[Black "Henni,M"]
[Result "1/2-1/2"]
[WhiteElo "2379"]
[BlackElo "2314"]

1.e4 c5 2.Nf3 d6 3.d4 cxd4 4.Nxd4 Nf6 5.Nc3 a6 6.g3 e6 7.Bg2 Be7 8.O-O Qc7
9.a4 Nc6 10.h3 Nxd4 11.Qxd4 O-O 12.Rd1 Bd7 13.Bg5 Bc6 14.Bxf6 Bxf6 15.Qxd6 Qxd6
16.Rxd6 Rfd8 17.Rd3 Rxd3 18.cxd3 Rd8 19.Bf1 Rd4 20.Ra2  1/2-1/2

[Event "Tatry Open"]
[Site "High Tatras SVK"]
[Date "2001.10.04"]
[Round "7"]
[White "Novak,Mic"]
[Black "Hlinka,M"]
[Result "1/2-1/2"]
[WhiteElo "2147"]
[BlackElo "2244"]

1.e4 c5 2.Nf3 d6 3.d4 cxd4 4.Nxd4 Nf6 5.Nc3 a6 6.g3 e6 7.Bg2 Be7 8.O-O O-O
9.a4 Qc7 10.h3 Nc6 11.Nde2 Rb8 12.Be3 Bd7 13.g4 Rfc8 14.f4 b5 15.axb5 axb5
16.g5 Ne8 17.Rf2 b4 18.Na4 g6 19.Ng3  1/2-1/2

[Event "WYB18"]
[Site "Oropesa del Mar ESP"]
[Date "2001.10.22"]
[Round "2"]
[White "Palekha,A"]
[Black "Kovchan,A"]
[Result "0-1"]
[WhiteElo "2364"]
[BlackElo "2504"]

1.e4 c5 2.Nf3 d6 3.d4 cxd4 4.Nxd4 Nf6 5.Nc3 a6 6.g3 e5 7.Nde2 Nbd7 8.Bg2 b5
9.h3 Bb7 10.g4 b4 11.Nd5 h5 12.g5 Nxd5 13.exd5 h4 14.f4 Be7 15.O-O O-O 16.Qe1 Qa5
17.a3 Qc5+ 18.Kh2 a5 19.Qd1 Ba6 20.Re1 Rfc8 21.c3 Bxe2 22.Qxe2 bxc3 23.Be3 Qc4
24.Qxc4 Rxc4 25.Bf1 cxb2 26.Bxc4 bxa1=Q 27.Rxa1 Rc8 28.Rc1 exf4 29.Bxf4 Ne5
30.Bxe5 Bxg5 31.Rg1 dxe5 32.Rxg5 Rxc4 33.Rxe5 Rd4 34.d6 a4 35.Re8+ Kh7 36.Ra8 Rxd6
37.Rxa4 g5 38.Ra5 Kg6 39.a4 f6 40.Kg2 Rd2+ 41.Kg1 Ra2 42.Kh1 Rc2 43.Kg1 Rd2
44.Kh1 Kf7 45.Ra6 Ke7 46.Kg1 Rd6 47.Ra7+ Ke6 48.Ra5 Rd5 49.Ra6+ Ke5 50.Rb6 f5
51.Kg2 Rd2+ 52.Kg1 Rd4 53.Rb5+ Kf4 54.a5 Ra4 55.Rc5 g4 56.hxg4 fxg4 57.a6 h3
58.a7 Rxa7 59.Rc4+ Kg3 60.Rc3+ Kh4 61.Rc4 Re7 62.Ra4 Kg3 63.Ra3+ Kf4 64.Ra4+ Re4
65.Ra3 g3 66.Ra1 Re2 67.Ra4+ Kf3 68.Ra3+ Re3 69.Ra1 Rd3 70.Rb1 Ke2  0-1

[Event "WYB16"]
[Site "Oropesa del Mar ESP"]
[Date "2001.11.01"]
[Round "10"]
[White "Sitnikov,A"]
[Black "Areshchenko,A"]
[Result "1/2-1/2"]
[WhiteElo "2218"]
[BlackElo "2479"]

1.e4 c5 2.Nf3 d6 3.d4 cxd4 4.Nxd4 Nf6 5.Nc3 a6 6.g3 e5 7.Nb3 Be7 8.Bg2 O-O
9.O-O b5 10.a4 b4 11.Nd5 Nxd5 12.Qxd5 Ra7 13.Be3 Be6 14.Qd3 Ra8 15.Nd2 Qc7
16.Rfc1 Nd7 17.c3 Rfc8 18.c4 Nc5 19.Qc2 Bd7 20.b3 Bc6 21.Nf1 Ne6 22.Re1 Qb7
23.f4 h5 24.f5 Nd4 25.Bxd4 exd4 26.Rad1 Bf6 27.Qd3 Re8 28.Qf3 h4 29.gxh4 Bxh4
30.Ng3 Bf6 31.Nh5 Be5 32.Qg4 Kf8 33.Rf1 Ke7 34.Nxg7 Rh8 35.f6+ Kd8 36.h4 Qb6
37.Rd3 Kc7 38.h5 Rag8 39.Qg5 Kb8 40.h6 Rh7 41.Rf2 Rgh8 42.Nf5 Bb7 43.Qd2 Bxf6
44.Nxd4 Rxh6 45.Nf5 Bc3 46.Qe2 Re6 47.Kf1 Rhe8 48.Rf4 Qc5 49.Qf2 Qe5 50.Nd4 Rg6
51.Nc6+ Bxc6 52.Qb6+ Bb7 53.Rxf7 Rf6+ 54.Rf3 Qxe4 55.Rxb7+ Qxb7 56.Qxb7+ Kxb7
57.Rxf6+ Kc7  1/2-1/2

[Event "VI It"]
[Site "Montecatini Terme ITA"]
[Date "2001.11.08"]
[Round "8"]
[White "Drei,A"]
[Black "Vismara,D"]
[Result "1-0"]
[WhiteElo "2250"]
[BlackElo "2365"]

1.e4 c5 2.Nf3 d6 3.d4 cxd4 4.Nxd4 Nf6 5.Nc3 a6 6.g3 Nc6 7.Bg2 Bd7 8.O-O g6
9.Bg5 Bg7 10.Nd5 Nxd5 11.Nxc6 bxc6 12.exd5 c5 13.Re1 f6 14.Bf4 O-O 15.Qd2 Re8
16.h4 Qb6 17.Rab1 Rab8 18.a3 a5 19.Bh6 Qc7 20.h5 Bh8 21.Kh2 Kf7 22.Bh3 f5
23.c3 Bf6 24.Bg5 Kg7 25.Bxf6+ exf6 26.Rxe8 Rxe8 27.Re1 Qd8 28.b4 cxb4 29.cxb4 axb4
30.Rxe8 Bxe8 31.Qxb4 Bf7 32.Qb7 Qa5 33.Qe7 Qxa3 34.h6+ Kxh6 35.Qxf7 Qf3 36.Kg1 f4
37.Qf8+ Kh5 38.Qxf6 Qd1+ 39.Kh2 fxg3+ 40.fxg3 Qd2+ 41.Bg2 Qb4 42.Qg7 h6 43.Qf6  1-0

[Event "5th Open"]
[Site "Halkida GRE"]
[Date "2001.11.22"]
[Round "8"]
[White "Trabert,B"]
[Black "Gurevich,Vl"]
[Result "1/2-1/2"]
[WhiteElo "2253"]
[BlackElo "2482"]

1.e4 c5 2.Nf3 d6 3.d4 cxd4 4.Nxd4 Nf6 5.Nc3 a6 6.g3 e5 7.Nb3 Be7 8.Bg2 Be6
9.a4 Nbd7 10.O-O O-O 11.a5 Qc7 12.Nd5 Nxd5 13.exd5 Bf5 14.c3 Rfc8 15.Be3 b5
16.axb6 Nxb6 17.Na5 Nc4 18.Nxc4 Qxc4 19.Ra4 Qc7 20.Qa1 Bd3 21.Rc1 Bc4 22.b3 Bxb3
23.Rxa6 Rxa6 24.Qxa6 Bc4 25.Qa4 f5 26.Ra1 Bf6 27.Qd1 Rb8 28.Ra7 Qc8 29.h4 Ra8
30.Qa4 Rxa7 31.Qxa7 e4  1/2-1/2

[Event "FSGMA December"]
[Site "Budapest HUN"]
[Date "2001.12.02"]
[Round "2"]
[White "Cao,S"]
[Black "Ilincic,Z"]
[Result "0-1"]
[WhiteElo "2507"]
[BlackElo "2521"]

1.e4 c5 2.Nf3 d6 3.d4 cxd4 4.Nxd4 Nf6 5.Nc3 a6 6.g3 e6 7.Bg2 Be7 8.O-O O-O
9.Nce2 Qc7 10.Re1 Rd8 11.c3 Nbd7 12.Qc2 Bf8 13.h3 Rb8 14.a4 g6 15.Be3 b6
16.Rac1 Bb7 17.c4 Rbc8 18.Qb1 Qb8 19.g4 Qa8 20.Ng3 Nc5 21.Bg5 Bg7 22.b4 Ncd7
23.Nb3 Ne5 24.Nd2 h6 25.Be3 Nfd7 26.Bd4 a5 27.f4 Nc6 28.Bxg7 Kxg7 29.b5 Nd4
30.Nb3 Nxb3 31.Qxb3 Qb8 32.Qc3+ Kg8 33.Rf1 Qc7 34.Qd2 Qc5+ 35.Kh2 Qb4 36.Qe3 Qc5
37.Qd2 Qb4 38.Qe3 Rxc4 39.Rxc4 Qxc4 40.f5 g5 41.Rc1 Qa2 42.Rc7 Nc5 43.h4 f6
44.Nh5 Qb2 45.fxe6 Bxe4 46.Qg3 gxh4 47.Qh3 Nxe6 48.Re7 Ng5 49.Rxe4 Nxh3 50.Kxh3 Rc8
51.Re3 Rc3 52.Rxc3 Qxc3+ 53.Kxh4 Qd4 54.Bc6 Kf7 55.Ng3 d5 56.Nf5 Qf2+ 57.Kh3 d4
58.Bd5+ Kf8  0-1

[Event "FSGMB December"]
[Site "Budapest HUN"]
[Date "2001.12.11"]
[Round "11"]
[White "Balogh,C"]
[Black "Szeberenyi,A"]
[Result "1/2-1/2"]
[WhiteElo "2367"]
[BlackElo "2365"]

1.e4 c5 2.Nf3 d6 3.d4 cxd4 4.Nxd4 Nf6 5.Nc3 a6 6.g3 e5 7.Nb3 Be7 8.Bg2 O-O
9.a4 b6 10.O-O Nbd7 11.Nd5 Nxd5 12.exd5 a5 13.f4 Ba6 14.Rf2 Bf6 15.Bf1 Bxf1
16.Rxf1 Re8 17.c3 b5 18.fxe5 dxe5 19.Be3 bxa4 20.Nc5  1/2-1/2

[Event "54th ch-YUG Youth"]
[Site "Obrenovac YUG"]
[Date "2002.01.19"]
[Round "10"]
[White "Krivokapic,M"]
[Black "Popovic,Du"]
[Result "0-1"]
[WhiteElo "2055"]
[BlackElo "2394"]

1.e4 c5 2.Nf3 d6 3.d4 cxd4 4.Nxd4 Nf6 5.Nc3 a6 6.g3 e5 7.Nb3 Be7 8.Bg2 O-O
9.O-O Nbd7 10.f4 Qc7 11.Nd5 Nxd5 12.exd5 exf4 13.Bxf4 Bf6 14.c3 Be5 15.Qd2 Bxf4
16.Rxf4 Ne5 17.Nd4 Bd7 18.Be4 Rae8 19.Raf1 Re7 20.Rh4 Ng6 21.Bxg6 hxg6 22.Nf3 Rfe8
23.Rf2 Bf5 24.Rf4 Bh3 25.Qd4 g5 26.Nxg5 Re1+ 27.Rf1 Bxf1 28.Rxf1 Rxf1+ 29.Kxf1 Qe7
30.Qh4 Qe2+ 31.Kg1 Qd1+ 32.Kg2 Qxd5+ 33.Kh3 Qf5+  0-1

[Event "Torneo A"]
[Site "Montecatini Terme ITA"]
[Date "2002.02.03"]
[Round "11"]
[White "Martorelli,A"]
[Black "Isonzo,D"]
[Result "1/2-1/2"]
[WhiteElo "2262"]
[BlackElo "2364"]

1.e4 c5 2.Nf3 d6 3.d4 cxd4 4.Nxd4 Nf6 5.Nc3 a6 6.g3 e5 7.Nb3 Be7 8.Bg2 Nbd7
9.O-O O-O 10.a4 b6 11.Bg5 Bb7 12.Nd2 Qc7 13.Re1 h6 14.Bxf6 Nxf6 15.Nf1 Rfd8
16.Ne3 Qc5 17.Qe2 Rac8 18.Rec1 Bf8 19.Rab1 Qb4 20.Qd3 g6 21.Ncd5 Nxd5 22.Nxd5 Bxd5
23.exd5 a5 24.Qb5 h5 25.c3 Qxb5 26.axb5 Bh6 27.Rd1 f5  1/2-1/2